| Tag |
First Indicator |
Second Indicator |
Subfields |
| LEADER |
00000cam a2200000 4500 |
| 001 |
in00000053966 |
| 005 |
20151008050915.0 |
| 008 |
720314s1957 nyu 00000 eng u |
| 010 |
|
|
|a 57006886
|
| 035 |
|
|
|a (OCoLC)00263052
|
| 035 |
|
|
|9 AAG4205AM
|
| 040 |
|
|
|c WSU
|d TXA
|d UtOrBLW
|
| 049 |
|
|
|a TXAM
|c [284823]
|
| 050 |
|
0 |
|a HV45
|b .P5
|
| 092 |
|
|
|a 361.8
|b P559e
|
| 100 |
1 |
|
|a Phillips, Helen U.
|
| 245 |
1 |
0 |
|a Essentials of social group work skill.
|
| 264 |
|
1 |
|a New York :
|b Association Press,
|c [1957]
|
| 300 |
|
|
|a 180 pages
|
| 336 |
|
|
|a text
|b txt
|2 rdacontent
|
| 337 |
|
|
|a unmediated
|b n
|2 rdamedia
|
| 338 |
|
|
|a volume
|b nc
|2 rdacarrier
|
| 650 |
|
0 |
|a Social group work.
|
| 999 |
|
|
|a MARS
|
| 999 |
f |
f |
|s 8b149430-60dd-3804-bcd3-518e69e1e7c7
|i da612526-e14e-3cb8-83ac-a25476b30640
|t 0
|
| 952 |
f |
f |
|p ric
|a Texas A&M University
|b Rellis Campus
|c Joint Library Facility
|d Remote Storage
|t 0
|e HV45 .P5
|h Library of Congress classification
|i unmediated -- volume
|m A14800809516
|
| 998 |
f |
f |
|a HV45 .P5
|t 0
|l Remote Storage
|